000 00718nam a22002057a 4500
005 20130117154454.0
010 _aENG-106630
020 _a9788171326594
_c750.00
035 _aEN-90163
037 _bDBAD/PUB
100 _aSaini, Ashok K.
_954889
245 _aPerspectives on Indian booker prize winners :
_cby Ashok K. Saini
_breadings & reflections /
260 _aJaipur
_bPointer Publishers
_c2011
270 _a807, Vyas Building, Chaura Rasta
_bJaipur
_e302003
300 _axi, 210p.
_c20cm (Hb)
500 _aIncludes bibliographical references
700 _954873
942 _2ddc
_cEN
_mSAI
999 _c73150
_d73150